000 00490nam a2200169Ia 4500
008 240729s9999 xx 000 0 und d
022 _a2356-0177
245 0 _aJournal of Tropical Crop Science
260 _aIndonesia
260 _bDepartment of Agronomy and Horticulture
650 _a Agriculture (General) | Agriculture
650 _a Plant culture
650 _aAgriculture
856 _uhttps://doaj.org/toc/ef5d6985d9504e238fde9dbd6f5835ef
942 _2ddc
942 _cDOAJEJ
999 _c72360
_d72360
945 _a1
_bMadushi Gamage
_c1
_dMadushi Gamage